000
00184 a2200097 4500
001
8063
100
_a
Lee, A
245
_a
Air power
260
_a
_b
Duckworth
_c
090
_c
6467
_d
6467
942
_a
NUST-CAE
_c
M
_c
33008
999
_c
243136
_d
243136